[Event "Ferrol op 31th"]
[Site "Ferrol"]
[Date "2016.07.23"]
[Round "6"]
[White "Lopez Varela, Pablo"]
[Black "Rodriguez Serantes, Juan Francis"]
[Result "1-0"]
[WhiteElo "1638"]
[BlackElo "1100"]
[PlyCount "71"]
[EventDate "2016.07.18"]
[EventType "swiss"]
[EventRounds "9"]
[EventCountry "ESP"]
[SourceTitle "EXT 2024"]
[Source "ChessBase"]
[SourceDate "2023.10.10"]
[SourceVersion "1"]
[SourceVersionDate "2023.10.10"]
[SourceQuality "1"]

1. e4 c5 2. d3 d5 3. Nd2 Nc6 4. g3 e5 5. Bg2 Be6 6. Ngf3 d4 7. b3 Be7 8. Nc4 f6 9. Bd2 g5 10. h4 Qd7 11. hxg5 0-0-0 12. Qe2 Bg4 13. gxf6 Bxf6 14. 0-0-0 h5 15. Rdg1 Nb4 16. Bxb4 cxb4 17. Qd2 Qe7 18. Kb1 Bxf3 19. Bxf3 Bg5 20. Qe2 Nf6 21. Rh2 Rh7 22. Rgh1 Ng4 23. Bxg4+ hxg4 24. Rxh7 Qe6 25. Nxe5 Kb8 26. Nxg4 Qa6 27. f4 Qa3 28. fxg5 a5 29. Ne5 Rc8 30. Rh8 a4 31. Nc4 axb3 32. Nxa3 bxa3 33. Rxc8+ Kxc8 34. Rh7 b5 35. Qf1 b4 36. Qf8# 1-0

[Event "Ferrol op 31th"]
[Site "Ferrol"]
[Date "2016.07.22"]
[Round "5"]
[White "Rodriguez Serantes, Juan Francis"]
[Black "Meira Iglesias, Alejandro"]
[Result "0-1"]
[WhiteElo "1100"]
[BlackElo "1756"]
[PlyCount "68"]
[EventDate "2016.07.18"]
[EventType "swiss"]
[EventRounds "9"]
[EventCountry "ESP"]
[SourceTitle "EXT 2024"]
[Source "ChessBase"]
[SourceDate "2023.10.10"]
[SourceVersion "1"]
[SourceVersionDate "2023.10.10"]
[SourceQuality "1"]

1. e4 e6 2. d3 d5 3. Nd2 e5 4. g3 Nc6 5. Ngf3 d4 6. Bg2 f6 7. 0-0 Be6 8. Re1 Qd7 9. c3 dxc3 10. bxc3 Qxd3 11. Bb2 Bc5 12. Nb3 Qxd1 13. Raxd1 Bd6 14. Nc1 0-0-0 15. Nh4 Nge7 16. a3 Na5 17. Nd3 Nc4 18. f4 Bc5+ 19. Nxc5 Nxb2 20. Rxd8+ Rxd8 21. Nxe6 Rd3 22. Nxg7 Rxc3 23. Bh3+ Kb8 24. Nhf5 Nc6 25. Re2 Nc4 26. Ne6 Rxa3 27. Nc5 exf4 28. Nd7+ Ka8 29. Nxf6 fxg3 30. Nxg3 b5 31. Bg2 b4 32. Rf2 b3 33. Nd5 b2 34. Rf8+ Kb7 0-1